000 00863cam a2200289 i 4500
001 818511
003 OSt
005 20230606142835.0
008 780425s1977 nyua b 001 0 eng
010 _a 76042625
020 _c$20.00
040 _aDLC
_cDLC
_dDLC
082 0 0 _a573.21
_bLEV
100 1 _aLevitan, Max.
245 1 0 _aTextbook of human genetics /
_cMax Levitan, Ashley Montagu.
250 _a2d ed.
_brev. by Max Levitan.
260 _aNew York :
_bOxford University Press,
_c1977.
300 _ax, 1012 p. :
_bill. ;
_c25 cm.
500 _aIncludes index.
504 _aBibliography: p. 847-968.
650 0 _aHuman genetics.
650 0 _aHuman chromosome abnormalities.
650 0 _aMedical genetics.
700 1 _aMontagu, Ashley,
_d1905-1999.,
_ejoint author.
906 _a7
_bcbc
_corignew
_d2
_eocip
_f19
_gy-gencatlg
942 _2ddc
_cBK
999 _c689
_d689